00505nam a2200181Ia 450000500170000000800410001704000190005804100120007708200130008924500790010226000390018130000200022050400190024065000160025965100140027570000240028985000100031320230714094328.0131103s9999 xx 000 0 und d aLoreto College aEnglish a920bBUC aJohn Buchancby his wife and friends; with a preface by George M.Trevelyon aLondonbHodder and Stoughtonc1947 a304 p.b illus. aIncludes index aBuchan,John aBiography aTrevelyan,George M. aLCLIB